000
00264nam a2200097Ia 4500
001
1063662
005
20250827001701.0
008
250824s9999 xx 000 0 und d
245
0
_a
SORULARLA OSMANLI İMPARATORLUĞU 5
_c
ERHAN AFYONCU
260
_b
YEDİTEPE YAYINLARI
999
_c
1063662
_d
1063662